Statistics for Fictional Business Owners

Click here to take the quiz!

General Stats

  • This quiz has been taken 8,684 times
  • The average score is 10 of 20

Answer Stats

CharacterBusiness% Correct
Willy WonkaChocolate Factory
95%
Mr. Burns (The Simpsons)Nuclear Power
84%
Forrest GumpShrimp Company
74%
Mr. Krabs (SpongeBob)Restaurant
65%
Terry Benedict (Ocean's 11)Casino
61%
Rick Blaine (Casablanca)Nightclub
59%
Basil Fawlty (Fawlty Towers)Hotel
56%
Tony Stark (Iron Man)Weapons Company
54%
Mort Goldman (Family Guy)Pharmacy
51%
Nate Fisher (Six Feet Under)Funeral Home
49%
George Bailey (It's a Wonderful Life)Savings and Loan
43%
Daniel Plainview (There Will be Blood)Oil Company
41%
Kathleen Kelly (You've Got Mail)Book Store
38%
Charles Foster Kane (Citizen Kane)Newspaper
37%
Buck Strickland (King of the Hill)Propane and
Propane Accessories
35%
George Bluth
(Arrested Development)
Real Estate
33%
Skyler White (Breaking Bad)Car Wash
30%
Fred G. Sanford (Sanford & Son)Junk Yard
30%
J. Peterman (Seinfeld)Mail Order
29%
Mom (Futurama)Robot Company
27%

Score Distribution

Percentile by Number Answered

Percent of People with Each Score

Your Score History

You have not taken this quiz